Assedegats. Un obús al cor /
ISBN:
9788418022937
Descripción Física:
119 p. ; 18 cm.
Colección:
Dramaticles
; 27
Idioma:
Catalán
MARC
| LEADER | 00000nam a22000007a 4500 | ||
|---|---|---|---|
| 001 | 25134 | ||
| 008 | 220201b spa||||| |||| 00| 0 cat d | ||
| 017 | |a B 10279-2021 | ||
| 020 | |a 9788418022937 | ||
| 020 | |a 9788498039825 | ||
| 100 | |9 52472 |a Mouawad, Wajdi | ||
| 245 | |a Assedegats. Un obús al cor / |c Wajdi Mouawad; traducció de Ramon Vila | ||
| 260 | |a Barcelona : |b Comanegra : |b Institut del Teatre ; |c 2021 | ||
| 300 | |a 119 p. ; |c 18 cm. | ||
| 490 | |a Dramaticles |v 27 | ||
| 700 | |9 52470 |a Vila, Ramon, tr. | ||
| 700 | 1 | |a Broggi, Oriol |9 52471 | |
| 942 | |2 udc |c ARXIU |n 1 | ||
| 952 | |0 0 |1 0 |4 0 |6 BIB406 |7 1 |9 60970 |a Arxiu |b Arxiu |d 2022-02-01 |l 0 |o Bib-406 |p 25134 |r 2022-02-01 00:00:00 |w 2022-02-01 |y ARXIU | ||
| 999 | |c 81095 |d 81095 | ||